000 01065nam a2200301Ia 4500
001 Para_8746
003 CHAP
008 220125s2003 xx 000 0 und d
010 _a207546
040 _cCHAP
090 _aPA TESIS 1734
100 _aRamírez Delgadillo, Juan José
_993965
245 _aDinámica de la liberación de esporangios de Phytophthora infestans (Mont.) de Bary y su relación con las variables meteorológicas en el Valle de Toluca /
_c por Juan José Ramírez Delgadillo
260 _aChapingo, Méx. :
_b el autor
300 _a80 h.
502 _aTesis (M.C. Esp. Protección Vegetal) UACh. Departamento Parasitología Agrícola
650 _aHongos fitopatógenos
_956132
650 7 _aPapas
_xEnfermedades
_2
_985227
650 _aPhytophthora infestans
_987925
710 _aUACh. Departamento Parasitología Agrícola
_9164025
901 _aPA TESIS 1734
902 _aA
905 _a0000002003 ai 0000000000 00
910 _a2003
942 _cPARA
942 _cPARA
_d1
999 _c207546
_d207546